Words Starting with 'SK' Quiz Stats

 Plays Quiz Updated Jul 1, 2018

Score 0/25 Timer 05:00
1 Play Today
% Correct
Sketch
94.2%
Skill
93.5%
Skunk
93.3%
Skirt
93%
Skinny
92.3%
Skillet
91.7%
Skin
91.4%
Skeptic
91.2%
Skip
91.1%
Skeleton
91.1%
Skim
89.6%
Skipper
89.4%
Skid
87.2%
% Correct
Skittish
86.9%
Skull
86.5%
Skirmish
86%
Skulduggery
85.5%
Skeet
84.6%
Ska
84.3%
Skew
81.9%
Skitter
80.5%
Skein
77.1%
Skinflint
76.5%
Skulk
76.1%
Skiff
73.3%

You're not logged in!

Compare scores with friends on all Sporcle quizzes.
OR
Log In

Sporcle TV

Today on Sporcle TV


Watch our educational content, quiz creation guides, and fun videos on Sporcle TV.

Show Comments

Extras

Top Quizzes Today


Score Distribution

Your Account Isn't Verified!

In order to create a playlist on Sporcle, you need to verify the email address you used during registration. Go to your Sporcle Settings to finish the process.

Report this User

Report this user for behavior that violates our Community Guidelines.

Details: